| 000 | 00842nam a2200265 a 4500 | ||
|---|---|---|---|
| 005 | 20200104041550.0 | ||
| 008 | 140115b1996 ck a gr|||| 00| 0 spa d | ||
| 040 |
_aCO-BoIAVH _cCO-BoIAVH |
||
| 041 | _aspa | ||
| 090 |
_aEA _b376 |
||
| 100 | 1 | _aPrado, Martha L. | |
| 245 | 1 | _aMunchique | |
| 260 |
_aBogotá : _bProyecto Biopacífico : _bMinisterio del Medio Ambiente : _bGEF : _bPNUD, _c1996. |
||
| 300 |
_a3 Vols. _bilustraciones.; _c21 x 20 cm |
||
| 505 | _aVol. 1: Memorias de pobladores | ||
| 505 | _aVol. 2: Agua y comunidades de bosques nublados | ||
| 505 | _aVol. 3: Buen ambiente = salud | ||
| 650 | 4 | _aagua | |
| 650 | 4 | _aComunidades | |
| 650 | 4 | _aBosques nublados | |
| 700 | 1 | _aPinilla M., Nelson H. | |
| 700 | 1 | _aMendez, María | |
| 700 | 1 | _aYalando, Segundo | |
| 942 |
_cLIBRO _2z |
||
| 999 |
_c4499 _d4499 |
||